The American Literature Scholar in the Digital Age (Record no. 29403)
[ view plain ]
| 000 -LEADER | |
|---|---|
| fixed length control field | 00720nam a2200121Ia 4500 |
| 008 - FIXED-LENGTH DATA ELEMENTS--GENERAL INFORMATION | |
| fixed length control field | 220620s9999||||xx |||||||||||||| ||und|| |
| 100 ## - MAIN ENTRY--PERSONAL NAME | |
| Personal name | Amy E. Earhart and Andrew Jewell, Editors |
| 245 #4 - TITLE STATEMENT | |
| Title | The American Literature Scholar in the Digital Age |
| 546 ## - LANGUAGE NOTE | |
| Language note | English[eng] |
| 650 ## - SUBJECT ADDED ENTRY--TOPICAL TERM | |
| Topical term or geographic name entry element | American literature--Research--Electronic information resources||American literature--Research--Methodology||American literature--History and criticism--Electronic information resources||American literature--Study and teaching--Electronic information resources||Literature and the Internet--United States||American literature--Study and teaching--Methodology |
| 856 ## - ELECTRONIC LOCATION AND ACCESS | |
| Uniform Resource Identifier | <a href="http://hdl.handle.net/2027/spo.9362034.0001.001">http://hdl.handle.net/2027/spo.9362034.0001.001</a> |
| 942 ## - ADDED ENTRY ELEMENTS (KOHA) | |
| Koha item type | E-Books |
| Withdrawn status | Lost status | Damaged status | Not for loan | Home library | Current library | Date acquired | Total Checkouts | Date last seen | Price effective from | Koha item type |
|---|---|---|---|---|---|---|---|---|---|---|
| Kerala University of Digital Sciences, Innovation and Technology Knowledge Centre | Kerala University of Digital Sciences, Innovation and Technology Knowledge Centre | 20/06/2022 | 20/06/2022 | 20/06/2022 | E-Books |